| 000 | 01172nam a22002777a 4500 | ||
|---|---|---|---|
| 003 | dpl | ||
| 005 | 20180712161919.0 | ||
| 008 | 180712b xxu||||| |||| 00| 0 eng d | ||
| 010 | _aB-000218 | ||
| 020 | _c150.00 | ||
| 035 | _aB-000218, B-000222 | ||
| 037 | _bCen Lib/Ret | ||
| 040 |
_aDPL _bHN _c0 |
||
| 082 |
_aक _bशर्माक्ष |
||
| 100 |
_aशर्मा, क्षमा _969544 |
||
| 245 |
_aइक्कीसवी सदी का लड़का / _cक्षमा शर्मा |
||
| 246 |
_aIkkeesvi sadi ka ladka / _bby Shama Sharma |
||
| 260 |
_aनयी दिल्ली _bसामयिक प्रकाशन _c1999 |
||
| 270 |
_bनयी दिल्ली _e110002 _a3320-21 जटवाड़ा, नेताजी सुभाष मार्ग, दरियागंज |
||
| 300 |
_a160पृ. _c21सेमी(सजिल्द) |
||
| 650 |
_aहिन्दी साहित्य _969545 |
||
| 650 |
_aहिन्दी -- लघु कथाएँ _945972 |
||
| 650 |
_aHindi literature _969546 |
||
| 650 |
_aHindi -- short stories _929625 |
||
| 942 |
_2ddc _cHN _hक _mशर्माक्ष |
||
| 999 |
_c117010 _d117010 |
||